Disney Animals - Statistics

General Stats
  • This quiz has been taken 48 times
  • The average score is 17 of 20
Answer Stats
Picture Answer % Correct
Aladdin
97%
Frozen
97%
The Jungle Book
97%
Brother Bear
94%
Moana
91%
The Lion King
91%
The Little Mermaid
91%
Bambi
88%
Finding Nemo
88%
Pocahontas
88%
Tangled
88%
The Emperor's New Groove
88%
The Princess And The Frog
88%
Hercules
85%
Tarzan
82%
Mulan
76%
Sleeping Beauty
76%
Oliver & Company
70%
The Hunchback Of Notre Dame
67%
The Great Mouse Detective
45%
No matching quizzes found
Score Distribution
Percent of People with Each Score
Percentile by Number Answered
Your Score History
You have not taken this quiz